000 00393nam a2200145Ia 4500
008 230917s9999||||xx |||||||||||||| ||und||
040 _e171751
_aMAIN
041 _aEnglish
082 _a891.437731 RA198J
100 _aरावत, आशा
245 0 _aजस की तस
260 _aहिसार
_bअमन प्रकाशन
_c1994
300 _a103 पृ. p.
942 _cHN
999 _c84589
_d84589